00597nam a2200169Ia 4500008004000000041000800040082001500048100002000063245004400083260002900127300001200156650004200168690001900210906001100229999001900240952016800259210210b2000 xxu||||| |||| 00| 0 eng d aeng a361.3 SACS aSACHDEVA (D R). aSocial welfare administration in India. aPatnabKitab mahalc2000 axiv,675 aSocial welfare India social welfare  aSocial Welfare a055660 c102949d102949 001040708Social WorkaALbALcSocial Workd2021-02-17eHigginbothams (P) Ltd., Mangalore-01.g125.00l0o361.3 SACSp055660r2021-02-17 00:00:00w2021-02-17yBK